Zverejňovanie informácií a transparentnosť pri správe podnikov v Slovenskej republike

Saved in:
Bibliographic Details
Main Author: Okruhlica, František
Format: Book Chapter
Language:Slovak
Tags: Add Tag
No Tags, Be the first to tag this record!

MARC

LEADER 00000naa$a2200000$$$4500
001 0061556
005 20240502083147.7
041 0 |a slo 
044 |a CZ 
245 1 0 |a Zverejňovanie informácií a transparentnosť pri správe podnikov v Slovenskej republike  |c František Okruhlica 
100 1 |a Okruhlica, František